ბათუმის შოთა რუსთაველის სახელმწიფო უნივერსიტეტის ბიბლიოთეკა

შრომები. 3. (ბიბ.ჩანაწერი № 56712)

000 -LEADER
fixed length control field 01034nam a2200253Ia 4500
001 - CONTROL NUMBER
control field 23834
003 - CONTROL NUMBER IDENTIFIER
control field GE_BSU
008 - FIXED-LENGTH DATA ELEMENTS--GENERAL INFORMATION
fixed length control field 181216s||||||||xx |||||||||||||| ||und||
040 ## - CATALOGING SOURCE
Transcribing agency GE_BSU
080 ## - UNIVERSAL DECIMAL CLASSIFICATION NUMBER
Universal Decimal Classification number 94(479.22)
100 ## - MAIN ENTRY--PERSONAL NAME
Personal name ჯანაშია, სიმონ
245 ## - TITLE STATEMENT
Title შრომები. 3.
250 ## - EDITION STATEMENT
Edition statement საქ. სსრ მეცნ. აკად., ივ. ჯავახიშვილის სახ. ისტორიის ინ-ტი.
260 ## - PUBLICATION, DISTRIBUTION, ETC.
Place of publication, distribution, etc. თბილისი
260 ## - PUBLICATION, DISTRIBUTION, ETC.
Name of publisher, distributor, etc. საქ. სსრ მეცნ. აკად. გამ-ბა
260 ## - PUBLICATION, DISTRIBUTION, ETC.
Date of publication, distribution, etc. 1959
300 ## - PHYSICAL DESCRIPTION
Extent 368 გვ. 22სმ.
300 ## - PHYSICAL DESCRIPTION
Accompanying material ბიბლ. გვ. 363-367. დანართი:"საძიებლები" გვ. 311-362.
520 ## - SUMMARY, ETC.
Summary, etc. პარალ. სათ. რუს. ენ.
653 ## - INDEX TERM--UNCONTROLLED
Uncontrolled term ქართული ისტორიოგრაფია; საქართველოს ისტორია
653 ## - INDEX TERM--UNCONTROLLED
Uncontrolled term შრომები. 3.
942 ## - ADDED ENTRY ELEMENTS (KOHA)
Koha item type წიგნი
ეგზემპლარები
Withdrawn status Lost status Damaged status Not for loan Date acquired Barcode Date last seen Price effective from Koha item type
        2018-12-17 28576 2018-12-17 2018-12-17 წიგნი